| 000 | 00658cab a2200205 4500 | ||
|---|---|---|---|
| 001 | ABS42812 | ||
| 008 | 090401t1990 xxu||||| |||| 00| 0 eng d | ||
| 035 | _a(Sirsi) u38921 | ||
| 041 | _aeng | ||
| 100 | _aHarris, S. | ||
| 245 | _aAuction versus tender | ||
| 260 | _c1990 | ||
| 350 | _a0 | ||
| 490 |
_aValuer (ISVA) _v60(5) June 1990, 23(1) |
||
| 520 | _aDiscusses the pros and cons of tenders , once the accepted method of sale for large lots, with leading auction houses. Increasingly larger properties are being put up for auction as an alternative. | ||
| 650 | _aPROPERTY | ||
| 690 |
_aAuctioneering _96218 |
||
| 942 | _n0 | ||
| 948 | _c04/03/1997 | ||
| 999 |
_c24957 _d24957 |
||